Finančná disciplína, pracovná disciplína, služobná disciplína
Základné rozdiely medzi finančnou, pracovnou a služobnou disciplínou. Uloženie sankcií za porušenie disciplíny.
Salvato in:
| Autore principale: | |
|---|---|
| Natura: | Capitolo di libro |
| Lingua: | slovacco |
| Soggetti: | |
| Tags: |
Nessun Tag, puoi essere il primo ad aggiungerne!!
|
MARC
| LEADER | 00000naa a2200000 4500 | ||
|---|---|---|---|
| 001 | 0174039 | ||
| 005 | 20231120124524.8 | ||
| 041 | 0 | |a slo | |
| 044 | |a SK | ||
| 245 | 1 | 0 | |a Finančná disciplína, pracovná disciplína, služobná disciplína |c Iveta Konvalinková |
| 520 | |a Základné rozdiely medzi finančnou, pracovnou a služobnou disciplínou. Uloženie sankcií za porušenie disciplíny. | ||
| 610 | 2 | 0 | |a disciplína finančná |
| 610 | 2 | 0 | |a správa verejná |
| 610 | 2 | 0 | |a správa štátna |
| 610 | 2 | 0 | |a zamestnanci štátni |
| 610 | 2 | 0 | |a legislatíva |
| 610 | 2 | 0 | |a disciplína pracovná |
| 100 | 1 | |a Konvalinková, Iveta | |